[Event "Capablanca Memorial-C"]
[Site "Cienfuegos"]
[Date "1996.??.??"]
[Round "12"]
[White "Ribeiro, Fernando"]
[Black "Ross, Dave"]
[Result "1/2-1/2"]
[WhiteElo "2325"]
[BlackElo "2355"]
[PlyCount "36"]
[GameId "1165542714535936"]
[EventDate "1996.05.??"]
[EventType "tourn"]
[EventRounds "13"]
[EventCountry "CUB"]
[EventCategory "5"]
[SourceTitle "CBM 052 Extra"]
[Source "ChessBase"]
[SourceDate "1996.07.01"]
[SourceVersion "1"]
[SourceVersionDate "1996.07.01"]
[SourceQuality "1"]

1. e4 e6 2. Qe2 c5 3. Nf3 d6 4. g3 Nf6 5. Bg2 Be7 6. O-O O-O 7. Re1 Nc6 8. c3 b6 9. d3 Ba6 10. Nbd2 Ne5 11. Nxe5 dxe5 12. Nc4 Nd7 13. Kh1 b5 14. Ne3 b4 15. Nc4 Qc7 16. f4 Rad8 17. Be3 bxc3 18. bxc3 Bf6 {0.58-1.23} 1/2-1/2

[Event "Capablanca Memorial Mixto 32nd"]
[Site "Cienfuegos"]
[Date "1997.??.??"]
[Round "1"]
[White "Larduet Despaigne, Carlos"]
[Black "Ross, Dave"]
[Result "1/2-1/2"]
[WhiteElo "2310"]
[BlackElo "2340"]
[PlyCount "66"]
[GameId "1166640454041600"]
[EventDate "1997.05.??"]
[EventType "tourn"]
[EventRounds "13"]
[EventCountry "CUB"]
[SourceTitle "EXT 1998"]
[Source "ChessBase"]
[SourceDate "1997.11.17"]
[SourceVersion "1"]
[SourceVersionDate "1997.11.17"]
[SourceQuality "1"]

1. d4 f5 2. Nc3 Nf6 3. Bg5 e6 4. e4 fxe4 5. Nxe4 Be7 6. Bxf6 Bxf6 7. Nf3 b6 8. Bd3 Bb7 9. Qe2 O-O 10. O-O-O Nc6 11. c3 d5 12. Nxf6+ Qxf6 13. Rd2 Rfe8 14. Re1 Re7 15. Qe3 Rc8 16. Ne5 Nxe5 17. Qxe5 Qxe5 18. Rxe5 Bc6 19. Rde2 g6 20. h4 Bd7 21. f4 Rf7 22. g3 Kf8 23. Kd2 Re7 24. Ke3 Ba4 25. b3 Bd7 26. Rh2 Rg7 27. Be2 Rf7 28. Bg4 Rf6 29. Kd2 Ke7 30. Rhe2 Kd6 31. c4 c6 32. Kc3 Rg8 33. Rh2 Rg7 1/2-1/2

[Event "Capablanca Memorial Mixto 32nd"]
[Site "Cienfuegos"]
[Date "1997.??.??"]
[Round "2"]
[White "Arribas Robaina, Maritza"]
[Black "Ross, Dave"]
[Result "0-1"]
[WhiteElo "2270"]
[BlackElo "2340"]
[PlyCount "60"]
[GameId "1166640454045696"]
[EventDate "1997.05.??"]
[EventType "tourn"]
[EventRounds "13"]
[EventCountry "CUB"]
[SourceTitle "EXT 1998"]
[Source "ChessBase"]
[SourceDate "1997.11.17"]
[SourceVersion "1"]
[SourceVersionDate "1997.11.17"]
[SourceQuality "1"]

1. e4 e6 2. d4 d5 3. e5 c5 4. c3 Nc6 5. Nf3 Bd7 6. dxc5 Bxc5 7. Bd3 Nge7 8. Bf4 Ng6 9. Bg3 Bb6 10. O-O O-O 11. Re1 f5 12. exf6 Qxf6 13. Qc2 Nf4 14. Bxh7+ Kh8 15. Nh4 Be8 16. Rf1 g6 17. Bxf4 Qxh4 18. Bxg6 Bxg6 19. Qxg6 Rxf4 20. g3 Rg4 21. Qxe6 Rxg3+ 22. hxg3 Qxg3+ 23. Kh1 Qh4+ 24. Kg2 Rg8+ 25. Kf3 Qh5+ 26. Kf4 Bc7+ 27. Ke3 Re8 28. Qxe8+ Qxe8+ 29. Kd2 Bf4+ 30. Kd1 Qe4 0-1

[Event "Capablanca Memorial Mixto 32nd"]
[Site "Cienfuegos"]
[Date "1997.??.??"]
[Round "3"]
[White "Ross, Dave"]
[Black "Guedez, Armando"]
[Result "1-0"]
[WhiteElo "2340"]
[BlackElo "2285"]
[PlyCount "59"]
[GameId "1166640454098944"]
[EventDate "1997.05.??"]
[EventType "tourn"]
[EventRounds "13"]
[EventCountry "CUB"]
[SourceTitle "EXT 1998"]
[Source "ChessBase"]
[SourceDate "1997.11.17"]
[SourceVersion "1"]
[SourceVersionDate "1997.11.17"]
[SourceQuality "1"]

1. d4 d5 2. Nf3 Nf6 3. c4 dxc4 4. e3 e6 5. Bxc4 Be7 6. Nc3 O-O 7. O-O c5 8. Qe2 a6 9. dxc5 Bxc5 10. e4 Nc6 11. e5 Nd5 12. Bd3 Be7 13. Qe4 f5 14. exf6 Nxf6 15. Qe2 Qa5 16. Bg5 Kh8 17. a3 e5 18. b4 Qc7 19. h3 Be6 20. Rac1 Rad8 21. Rfe1 Nd5 22. Qe4 g6 23. Qh4 Rf4 24. Qh6 Bf8 25. Bxd8 Qxd8 26. Qg5 Be7 27. Qg3 Nxc3 28. Rxc3 Bd6 29. Ng5 Bg8 30. Ne4 1-0

[Event "Capablanca Memorial Mixto 32nd"]
[Site "Cienfuegos"]
[Date "1997.??.??"]
[Round "5"]
[White "Ross, Dave"]
[Black "Hernandez Alvarez, Tania Regla"]
[Result "1/2-1/2"]
[WhiteElo "2340"]
[BlackElo "2195"]
[PlyCount "33"]
[GameId "1166640454156288"]
[EventDate "1997.05.??"]
[EventType "tourn"]
[EventRounds "13"]
[EventCountry "CUB"]
[SourceTitle "EXT 1998"]
[Source "ChessBase"]
[SourceDate "1997.11.17"]
[SourceVersion "1"]
[SourceVersionDate "1997.11.17"]
[SourceQuality "1"]

1. d4 Nf6 2. Nf3 c5 3. d5 e6 4. Nc3 d6 5. e4 exd5 6. exd5 Be7 7. Bb5+ Bd7 8. a4 O-O 9. h3 Na6 10. O-O Nb4 11. Re1 Bf5 12. Re2 a6 13. Bc4 h6 14. g4 Bd7 15. Bf4 Re8 16. Qd2 Bf8 17. Rxe8 1/2-1/2

[Event "Capablanca Memorial Mixto 32nd"]
[Site "Cienfuegos"]
[Date "1997.??.??"]
[Round "10"]
[White "De Asis Dirceu, Viana Jr"]
[Black "Ross, Dave"]
[Result "1/2-1/2"]
[WhiteElo "2380"]
[BlackElo "2340"]
[PlyCount "88"]
[GameId "1166640454279168"]
[EventDate "1997.05.??"]
[EventType "tourn"]
[EventRounds "13"]
[EventCountry "CUB"]
[SourceTitle "EXT 1998"]
[Source "ChessBase"]
[SourceDate "1997.11.17"]
[SourceVersion "1"]
[SourceVersionDate "1997.11.17"]
[SourceQuality "1"]

1. e4 e6 2. d4 d5 3. exd5 exd5 4. Nf3 Bg4 5. h3 Bh5 6. Qe2+ Qe7 7. Be3 Nc6 8. g4 Bg6 9. Nc3 O-O-O 10. O-O-O Nb4 11. a3 Nxc2 12. Bf4 Na1 13. b4 Qf6 14. Be5 Qc6 15. Kb2 f6 16. Bg3 Nc2 17. Nb5 Qa6 18. Nh4 Nxa3 19. Nxa3 Qa4 20. Nc2 Re8 21. Qd2 Bxc2 22. Qxc2 Qxc2+ 23. Kxc2 Bxb4 24. Kb2 Ba5 25. Bg2 Ne7 26. Bf1 Bb6 27. f4 c6 28. Bd3 g6 29. Nf3 Kd7 30. g5 f5 31. Ne5+ Ke6 32. Rc1 Bxd4+ 33. Ka2 Kd6 34. Nf7+ Kd7 35. Nxh8 Rxh8 36. Be1 Bb6 37. Bb4 Nc8 38. Bc5 Nd6 39. Bxb6 axb6 40. Rhe1 Ne4 41. Bxe4 fxe4 42. Rcd1 Ke6 43. f5+ gxf5 44. h4 c5 1/2-1/2

[Event "Guillermo Garcia Memorial-B 05th"]
[Site "Santa Clara"]
[Date "1997.??.??"]
[Round "?"]
[White "Dominguez, Jose Manuel"]
[Black "Ross, Dave"]
[Result "0-1"]
[WhiteElo "2325"]
[BlackElo "2340"]
[PlyCount "46"]
[GameId "1166640454483968"]
[EventDate "1997.05.??"]
[EventType "tourn"]
[EventRounds "13"]
[EventCountry "CUB"]
[EventCategory "3"]
[SourceTitle "EXT 2006"]
[Source "ChessBase"]
[SourceDate "2005.11.24"]
[SourceVersion "1"]
[SourceVersionDate "2005.11.24"]
[SourceQuality "1"]

1. d4 e6 2. e4 c5 3. Nf3 cxd4 4. Nxd4 Nf6 5. Nc3 Nc6 6. g3 d6 7. Bg2 Bd7 8. O-O a6 9. h3 Qc7 10. g4 h6 11. a4 Be7 12. Nb3 g5 13. a5 Ne5 14. Na4 Bb5 15. Re1 h5 16. Nb6 Rd8 17. Bxg5 hxg4 18. Bxf6 Bxf6 19. hxg4 d5 20. Nd4 dxe4 21. Nxb5 Nf3+ 22. Kf1 axb5 23. Qe2 Nd2+ 0-1

[Event "Guillermo Garcia Memorial-B 05th"]
[Site "Santa Clara"]
[Date "1997.??.??"]
[Round "?"]
[White "Pupo, Emilio"]
[Black "Ross, Dave"]
[Result "1-0"]
[WhiteElo "2410"]
[BlackElo "2340"]
[PlyCount "75"]
[GameId "1166640454533120"]
[EventDate "1997.05.??"]
[EventType "tourn"]
[EventRounds "13"]
[EventCountry "CUB"]
[EventCategory "3"]
[SourceTitle "EXT 2006"]
[Source "ChessBase"]
[SourceDate "2005.11.24"]
[SourceVersion "1"]
[SourceVersionDate "2005.11.24"]
[SourceQuality "1"]

1. e4 e6 2. d4 d5 3. Nc3 Bb4 4. e5 c5 5. a3 Bxc3+ 6. bxc3 Ne7 7. a4 Nbc6 8. Nf3 Qa5 9. Bd2 Bd7 10. Bb5 Qc7 11. O-O f6 12. Re1 O-O 13. Bd3 c4 14. Bf1 fxe5 15. Nxe5 Nxe5 16. Rxe5 Ng6 17. Re1 Rf6 18. g3 Raf8 19. f4 Ne7 20. Bc1 R8f7 21. Bg2 Nf5 22. Re5 h6 23. Qe1 h5 24. h3 Rg6 25. Be3 Rxg3 26. Bf2 Rg6 27. Kh2 Rgf6 28. Bf3 g6 29. a5 Kh7 30. a6 b6 31. Qe2 Nh6 32. Be3 Rf5 33. Rg1 R7f6 34. Qg2 Qd6 35. Bxh5 Be8 36. Bg4 Bf7 37. Bxf5 Rxf5 38. Bf2 1-0

[Event "Saint Louis IM"]
[Site "Saint Louis"]
[Date "2014.05.30"]
[Round "6"]
[White "Eckert, Doug D"]
[Black "Ross, Dave"]
[Result "1/2-1/2"]
[WhiteElo "2255"]
[BlackElo "2291"]
[PlyCount "59"]
[GameId "1166658192031744"]
[EventDate "2014.05.28"]
[EventType "tourn"]
[EventRounds "9"]
[EventCountry "USA"]
[EventCategory "3"]
[SourceTitle "CBM 160 Extra"]
[Source "ChessBase"]
[SourceDate "2014.07.01"]
[SourceVersion "1"]
[SourceVersionDate "2014.07.01"]
[SourceQuality "1"]

1. c4 d6 2. g3 c6 3. Bg2 Nd7 4. Nf3 e5 5. d4 Ngf6 6. Nc3 Be7 7. e4 O-O 8. O-O Re8 9. h3 a6 10. Re1 b6 11. a3 Bb7 12. Be3 Rc8 13. Rc1 Bf8 14. Qc2 exd4 15. Nxd4 Ne5 16. b3 b5 17. f4 Ned7 18. Rcd1 Qc7 19. Bf2 g6 20. Qd2 bxc4 21. bxc4 Nc5 22. Kh1 Nfd7 23. h4 Rcd8 24. Bf3 Ne5 25. Be2 Qc8 26. Kg2 Ng4 27. Bf3 Ne5 28. Be2 Ng4 29. Bf3 Ne5 30. Be2 1/2-1/2

[Event "WchT Seniors 50"]
[Site "Rhodes"]
[Date "2019.04.17"]
[Round "2.3"]
[White "Ross, Dave"]
[Black "Godena, Michele"]
[Result "1/2-1/2"]
[WhiteElo "2312"]
[BlackElo "2459"]
[PlyCount "38"]
[GameId "1375199701655552"]
[EventDate "2019.04.16"]
[EventType "team-swiss"]
[EventRounds "9"]
[EventCountry "GRE"]
[SourceTitle "CBM 190 Extra"]
[Source "ChessBase"]
[SourceDate "2019.07.15"]
[SourceVersion "1"]
[SourceVersionDate "2019.07.15"]
[SourceQuality "1"]
[WhiteTeam "Canada"]
[BlackTeam "Italy"]
[WhiteTeamCountry "CAN"]
[BlackTeamCountry "ITA"]

1. d4 d5 2. c4 dxc4 3. e3 e5 4. Bxc4 exd4 5. exd4 Bd6 6. Nf3 Nf6 7. Qe2+ Qe7 8. Qxe7+ Bxe7 9. O-O O-O 10. Nc3 Nc6 11. Re1 h6 12. a3 Bd6 13. Nb5 Re8 14. Be3 Be6 15. Nxd6 cxd6 16. Bb5 Bd5 17. Nd2 a6 18. Bd3 Rac8 19. f3 Na5 1/2-1/2

[Event "WchT Seniors 50"]
[Site "Rhodes"]
[Date "2019.04.19"]
[Round "4.6"]
[White "Ross, Dave"]
[Black "Strutinskaya, Galina N"]
[Result "1-0"]
[WhiteElo "2312"]
[BlackElo "2208"]
[PlyCount "51"]
[GameId "1375199701983232"]
[EventDate "2019.04.16"]
[EventType "team-swiss"]
[EventRounds "9"]
[EventCountry "GRE"]
[SourceTitle "CBM 190 Extra"]
[Source "ChessBase"]
[SourceDate "2019.07.15"]
[SourceVersion "1"]
[SourceVersionDate "2019.07.15"]
[SourceQuality "1"]
[WhiteTeam "Canada"]
[BlackTeam "Russia (Women)"]
[WhiteTeamCountry "CAN"]
[BlackTeamCountry "RUS"]

1. c4 e6 2. e4 d5 3. exd5 exd5 4. cxd5 Nf6 5. Bb5+ Nbd7 6. Nc3 Be7 7. Nf3 O-O 8. d4 Nb6 9. O-O Nbxd5 10. Re1 c6 11. Bc4 Bg4 12. h3 Bh5 13. g4 Bg6 14. Ne5 Nb6 15. Bb3 c5 16. dxc5 Qxd1 17. Rxd1 Bxc5 18. Nxg6 hxg6 19. g5 Nh5 20. Ne4 Be7 21. Be3 Nc8 22. Rd7 Rb8 23. Rc1 Re8 24. Rcc7 Bd8 25. Bxf7+ Kf8 26. Rxd8 1-0

[Event "WchT Seniors 50"]
[Site "Rhodes"]
[Date "2019.04.20"]
[Round "5.2"]
[White "Speelman, Jonathan S"]
[Black "Ross, Dave"]
[Result "1-0"]
[WhiteElo "2509"]
[BlackElo "2312"]
[PlyCount "49"]
[GameId "1375199702081536"]
[EventDate "2019.04.16"]
[EventType "team-swiss"]
[EventRounds "9"]
[EventCountry "GRE"]
[SourceTitle "CBM 190 Extra"]
[Source "ChessBase"]
[SourceDate "2019.07.15"]
[SourceVersion "1"]
[SourceVersionDate "2019.07.15"]
[SourceQuality "1"]
[WhiteTeam "England"]
[BlackTeam "Canada"]
[WhiteTeamCountry "ENG"]
[BlackTeamCountry "CAN"]

1. Nf3 d5 2. g3 Nf6 3. Bg2 e6 4. O-O Be7 5. d4 O-O 6. c4 dxc4 7. Qc2 b5 8. a4 b4 9. Nfd2 c6 10. Nxc4 Qxd4 11. Bf4 Ba6 12. Nbd2 b3 13. Qxb3 Nd5 14. e3 Qc5 15. Rfc1 Qb4 16. Qxb4 Nxb4 17. Na5 Rc8 18. Ndc4 Nd3 19. Rd1 Nxf4 20. gxf4 Bxc4 21. Nxc4 Na6 22. Ne5 Nb4 23. Rac1 Bf6 24. Bxc6 Nxc6 25. Nxc6 1-0

[Event "WchT Seniors 50"]
[Site "Rhodes"]
[Date "2019.04.23"]
[Round "8.9"]
[White "Ross, Dave"]
[Black "Lagerborg, Krister"]
[Result "0-1"]
[WhiteElo "2312"]
[BlackElo "2102"]
[PlyCount "72"]
[GameId "1377741996838912"]
[EventDate "2019.04.16"]
[EventType "team-swiss"]
[EventRounds "9"]
[EventCountry "GRE"]
[SourceTitle "CBM 190 Extra"]
[Source "ChessBase"]
[SourceDate "2019.07.15"]
[SourceVersion "1"]
[SourceVersionDate "2019.07.15"]
[SourceQuality "1"]
[WhiteTeam "Canada"]
[BlackTeam "Sweden"]
[WhiteTeamCountry "CAN"]
[BlackTeamCountry "SWE"]

1. d4 Nf6 2. c4 g6 3. Nc3 Bg7 4. e4 d6 5. Bd3 O-O 6. Nge2 e5 7. d5 Nfd7 8. h4 f5 9. h5 f4 10. hxg6 hxg6 11. Bc2 a5 12. Rb1 Nf6 13. a3 Na6 14. b4 Kf7 15. f3 Rh8 16. Rg1 Rh2 17. Qd3 Nh5 18. Bd2 Bf6 19. Nb5 Bh4+ 20. Kf1 Qg5 21. Be1 Bxe1 22. Kxe1 Rxg2 23. Rxg2 Qxg2 24. c5 Ke7 25. Qc3 Ng3 26. Nxf4 Qf1+ 27. Kd2 Qxb5 28. Nd3 axb4 29. axb4 Bh3 30. Nf4 Bf1 31. Nxg6+ Kf6 32. f4 Qe2+ 33. Kc1 Qf2 34. Kb2 Ne2 35. fxe5+ Kxg6 36. Rxf1 Qxf1 0-1

[Event "WchT Seniors 50"]
[Site "Rhodes"]
[Date "2019.04.24"]
[Round "9.7"]
[White "Lewis, Andrew P"]
[Black "Ross, Dave"]
[Result "1-0"]
[WhiteElo "2347"]
[BlackElo "2312"]
[PlyCount "95"]
[GameId "1377741996969984"]
[EventDate "2019.04.16"]
[EventType "team-swiss"]
[EventRounds "9"]
[EventCountry "GRE"]
[SourceTitle "CBM 190 Extra"]
[Source "ChessBase"]
[SourceDate "2019.07.15"]
[SourceVersion "1"]
[SourceVersionDate "2019.07.15"]
[SourceQuality "1"]
[WhiteTeam "England II"]
[BlackTeam "Canada"]
[WhiteTeamCountry "ENG"]
[BlackTeamCountry "CAN"]

1. c4 Nf6 2. Nc3 c5 3. Nf3 g6 4. d4 cxd4 5. Nxd4 Bg7 6. e4 d6 7. Be2 O-O 8. O-O Nc6 9. Be3 Bd7 10. h3 Re8 11. Rc1 a6 12. Nb3 b6 13. f4 a5 14. g4 a4 15. Nd2 a3 16. b3 h6 17. Nf3 Ra5 18. Qe1 e6 19. Qf2 Rc5 20. Bxc5 bxc5 21. e5 Nh7 22. Rcd1 dxe5 23. fxe5 Qe7 24. Ne4 Nb4 25. Rd2 Rc8 26. Nxc5 Bc6 27. Nd3 Bxf3 28. Bxf3 Nxd3 29. Rxd3 Bxe5 30. Qe3 Bg7 31. Rfd1 Qh4 32. Bg2 Bf8 33. Qf4 Ng5 34. Qg3 Bc5+ 35. Kf1 Qxg3 36. Rxg3 f5 37. Rgd3 Nf7 38. Rd7 Ne5 39. Rd8+ Rxd8 40. Rxd8+ Kf7 41. Rc8 Bd4 42. c5 Ke7 43. b4 Nd3 44. Rb8 e5 45. Rb7+ Kd8 46. gxf5 gxf5 47. c6 Nc1 48. Bd5 1-0

[Event "Quebec-ch classe"]
[Site "Repentigny CAN"]
[Date "2003.11.21"]
[Round "1"]
[White "Ross, Dave"]
[Black "Auger, Bertrand"]
[Result "1/2-1/2"]
[WhiteElo "2358"]
[BlackElo "2059"]
[PlyCount "45"]
[GameId "2160767911234404"]
[EventDate "2003.11.21"]
[EventType "swiss"]
[EventRounds "5"]
[EventCountry "CAN"]
[SourceTitle "EXT 2022"]
[Source "ChessBase"]
[SourceDate "2021.10.06"]
[SourceVersion "1"]
[SourceVersionDate "2021.10.06"]
[SourceQuality "1"]

1. d4 e6 2. c4 Nf6 3. Nf3 b6 4. g3 Bb7 5. Bg2 Be7 6. O-O O-O 7. Re1 d6 8. d5 e5 9. Nc3 Re8 10. e4 Bf8 11. Bg5 h6 12. Bd2 g6 13. b4 Nbd7 14. a4 a5 15. bxa5 Rxa5 16. Nb5 Ra8 17. a5 Nc5 18. Qc2 Qd7 19. Nh4 c6 20. dxc6 Qxc6 21. axb6 Qxb6 22. Be3 Ng4 23. Rab1 1/2-1/2

[Event "Quebec-ch classe"]
[Site "Repentigny CAN"]
[Date "2003.11.22"]
[Round "2"]
[White "Ramaswamy, Kishor"]
[Black "Ross, Dave"]
[Result "1/2-1/2"]
[WhiteElo "2096"]
[BlackElo "2358"]
[PlyCount "99"]
[GameId "2160767911234413"]
[EventDate "2003.11.21"]
[EventType "swiss"]
[EventRounds "5"]
[EventCountry "CAN"]
[SourceTitle "EXT 2022"]
[Source "ChessBase"]
[SourceDate "2021.10.06"]
[SourceVersion "1"]
[SourceVersionDate "2021.10.06"]
[SourceQuality "1"]

1. d4 g6 2. Nf3 Bg7 3. Bg5 c5 4. c3 Qb6 5. Qb3 h6 6. Bf4 cxd4 7. Qxb6 axb6 8. cxd4 Nc6 9. e3 Nf6 10. Nc3 O-O 11. Bc4 d6 12. h3 Nb4 13. Kd2 Be6 14. Bxe6 fxe6 15. a3 Nbd5 16. Nxd5 exd5 17. Rac1 Ne4+ 18. Ke2 g5 19. Bg3 Rac8 20. Nd2 Nxg3+ 21. fxg3 Rc6 22. Nf3 Rfc8 23. Kd2 Bf6 24. g4 Kf7 25. Rc3 Ke6 26. Ne1 Rh8 27. Nd3 h5 28. gxh5 Rxh5 29. Rhc1 Rxc3 30. bxc3 Kd7 31. Rb1 Kc7 32. Rf1 Kd7 33. Nf2 Rh8 34. Ng4 Ke6 35. Kc2 Ra8 36. Kb3 b5 37. Nf2 Kd7 38. Ng4 Ke6 39. Nf2 Kd7 40. Ra1 Rc8 41. Ng4 Ke6 42. Ra2 Kf5 43. Rf2+ Ke6 44. Rf3 Ra8 45. Nf2 Rg8 46. Nd3 Kd7 47. Rg3 Ra8 48. Rg4 Rc8 49. Nf2 Ke6 50. Nd3 1/2-1/2

[Event "Quebec-ch classe"]
[Site "Repentigny CAN"]
[Date "2003.11.22"]
[Round "3"]
[White "Ross, Dave"]
[Black "St Amand, Paul Jr"]
[Result "1/2-1/2"]
[WhiteElo "2358"]
[BlackElo "2170"]
[PlyCount "38"]
[GameId "2160767911234423"]
[EventDate "2003.11.21"]
[EventType "swiss"]
[EventRounds "5"]
[EventCountry "CAN"]
[SourceTitle "EXT 2022"]
[Source "ChessBase"]
[SourceDate "2021.10.06"]
[SourceVersion "1"]
[SourceVersionDate "2021.10.06"]
[SourceQuality "1"]

1. Nf3 c5 2. e4 d6 3. c3 Nf6 4. Be2 e6 5. O-O Nbd7 6. d3 Be7 7. Nbd2 O-O 8. Re1 b6 9. Bf1 Bb7 10. a3 Qc7 11. b3 Rac8 12. Bb2 Rfe8 13. Rc1 Bf8 14. Qc2 a6 15. Qb1 g6 16. b4 e5 17. d4 Bh6 18. d5 Rf8 19. Nc4 Ra8 1/2-1/2

[Event "Montreal int."]
[Site "Montreal CAN"]
[Date "2003.07.26"]
[Round "4"]
[White "Rozentalis, Eduardas"]
[Black "Ross, Dave"]
[Result "1-0"]
[WhiteElo "2586"]
[BlackElo "2318"]
[PlyCount "87"]
[GameId "2160767911285269"]
[EventDate "2003.07.23"]
[EventType "tourn"]
[EventRounds "9"]
[EventCountry "CAN"]
[EventCategory "11"]
[SourceTitle "CBM 097"]
[Source "ChessBase"]
[SourceDate "2003.11.11"]
[SourceVersion "1"]
[SourceVersionDate "2003.11.11"]
[SourceQuality "1"]

1. e4 e6 2. d4 d5 3. Nd2 c5 4. Ngf3 Nf6 5. exd5 exd5 6. Bb5+ Bd7 7. Bxd7+ Nbxd7 8. O-O Be7 9. dxc5 Nxc5 10. Nb3 Nce4 11. Nbd4 Qc8 12. Qd3 O-O 13. Bf4 a6 14. c3 Re8 15. Rad1 Bc5 16. h3 b5 17. Rfe1 Qb7 18. Be3 Rac8 19. Nf5 Bf8 20. Bd4 Re6 21. Ne3 Rce8 22. Bxf6 Nxf6 23. Kf1 Rd8 24. Ng5 Rb6 25. Ng4 g6 26. Ne5 Bg7 27. Nexf7 Rf8 28. Ne5 b4 29. c4 b3 30. c5 Rb5 31. Ne6 bxa2 32. Nxf8 Bxf8 33. c6 Qb6 34. Qf3 Bg7 35. Rc1 Rc5 36. Rxc5 Qxc5 37. Qc3 Qxc3 38. bxc3 Ne8 39. f4 g5 40. g3 gxf4 41. gxf4 Nc7 42. Ra1 Bh6 43. Rxa2 Bxf4 44. Rg2+ 1-0

[Event "Montreal int."]
[Site "Montreal CAN"]
[Date "2003.07.27"]
[Round "5"]
[White "Ross, Dave"]
[Black "Vera, Reynaldo"]
[Result "1/2-1/2"]
[WhiteElo "2318"]
[BlackElo "2509"]
[PlyCount "39"]
[GameId "2160767911285276"]
[EventDate "2003.07.23"]
[EventType "tourn"]
[EventRounds "9"]
[EventCountry "CAN"]
[EventCategory "11"]
[SourceTitle "CBM 097"]
[Source "ChessBase"]
[SourceDate "2003.11.11"]
[SourceVersion "1"]
[SourceVersionDate "2003.11.11"]
[SourceQuality "1"]

1. d4 Nf6 2. c4 e6 3. Nf3 c5 4. e3 a6 5. a3 d5 6. dxc5 Bxc5 7. b4 Ba7 8. Bb2 O-O 9. Nc3 Nc6 10. Qc2 Qe7 11. Rd1 Rd8 12. Be2 dxc4 13. Rxd8+ Nxd8 14. Bxc4 Bd7 15. Ne4 Nxe4 16. Qxe4 Rc8 17. Ne5 Bb5 18. Bxb5 axb5 19. O-O f6 20. Nf3 1/2-1/2

[Event "Montreal int."]
[Site "Montreal CAN"]
[Date "2003.07.28"]
[Round "6"]
[White "Barsov, Alexei"]
[Black "Ross, Dave"]
[Result "1/2-1/2"]
[WhiteElo "2526"]
[BlackElo "2318"]
[PlyCount "49"]
[GameId "2160767911285277"]
[EventDate "2003.07.23"]
[EventType "tourn"]
[EventRounds "9"]
[EventCountry "CAN"]
[EventCategory "11"]
[SourceTitle "CBM 097"]
[Source "ChessBase"]
[SourceDate "2003.11.11"]
[SourceVersion "1"]
[SourceVersionDate "2003.11.11"]
[SourceQuality "1"]

1. d4 d5 2. c4 e6 3. Nc3 c5 4. cxd5 exd5 5. Nf3 Nc6 6. g3 Nf6 7. Bg2 Be7 8. O-O O-O 9. dxc5 Bxc5 10. Bg5 d4 11. Bxf6 Qxf6 12. Nd5 Qd6 13. Nd2 Be6 14. Nf4 Bb6 15. Qa4 Rac8 16. Rac1 Na5 17. Nxe6 Qxe6 18. b4 Rxc1 19. Rxc1 Qxe2 20. bxa5 Qxd2 21. Rd1 Qxa5 22. Qxa5 Bxa5 23. Rxd4 b5 24. Rd7 Bb6 25. Bd5 1/2-1/2

[Event "Montreal int."]
[Site "Montreal CAN"]
[Date "2003.07.30"]
[Round "7"]
[White "Ross, Dave"]
[Black "Nataf, Igor A"]
[Result "0-1"]
[WhiteElo "2318"]
[BlackElo "2549"]
[PlyCount "78"]
[GameId "2160767911285288"]
[EventDate "2003.07.23"]
[EventType "tourn"]
[EventRounds "9"]
[EventCountry "CAN"]
[EventCategory "11"]
[SourceTitle "CBM 097"]
[Source "ChessBase"]
[SourceDate "2003.11.11"]
[SourceVersion "1"]
[SourceVersionDate "2003.11.11"]
[SourceQuality "1"]

1. d4 Nf6 2. c4 g6 3. Nc3 Bg7 4. e4 d6 5. Be2 O-O 6. Bg5 a6 7. Qd2 c5 8. d5 b5 9. cxb5 Qa5 10. b6 Nbd7 11. b7 Bxb7 12. f3 e6 13. dxe6 fxe6 14. Nh3 d5 15. O-O Qc7 16. Rad1 Nb6 17. Nf2 Rac8 18. Qc1 Nh5 19. Nh3 d4 20. Nb1 c4 21. Rde1 e5 22. Bd1 Nf4 23. Nxf4 exf4 24. Bh4 Be5 25. Na3 Qd6 26. Bf2 Rfd8 27. Nb1 a5 28. Kh1 Ba6 29. Rg1 a4 30. Qd2 Kh8 31. Qa5 Rc5 32. Qd2 Rc6 33. Qa5 Ra8 34. Qd2 a3 35. Nxa3 c3 36. bxc3 Rxc3 37. Nb1 Nc4 38. Qe2 Na3 39. Nxc3 dxc3 0-1

[Event "Montreal int."]
[Site "Montreal CAN"]
[Date "2003.08.02"]
[Round "10"]
[White "Ross, Dave"]
[Black "Romanishin, Oleg M"]
[Result "1/2-1/2"]
[WhiteElo "2318"]
[BlackElo "2561"]
[PlyCount "98"]
[GameId "2160767739185521"]
[EventDate "2003.07.23"]
[EventType "tourn"]
[EventRounds "9"]
[EventCountry "CAN"]
[EventCategory "11"]
[SourceTitle "CBM 097"]
[Source "ChessBase"]
[SourceDate "2003.11.11"]
[SourceVersion "1"]
[SourceVersionDate "2003.11.11"]
[SourceQuality "1"]

1. d4 Nf6 2. c4 d6 3. g3 e5 4. Nf3 e4 5. Ng5 h6 6. Nh3 g6 7. Nc3 Bg7 8. Nf4 O-O 9. h3 c6 10. d5 c5 11. Ng2 Re8 12. Bd2 Na6 13. Qc1 Kh7 14. Ne3 Nc7 15. a4 a6 16. Bg2 Qe7 17. a5 Rb8 18. Ra3 Bd7 19. b3 Nh5 20. Nxe4 f5 21. Nc3 f4 22. gxf4 Nxf4 23. Bf3 Nxh3 24. Kf1 Rf8 25. Ne4 Rbe8 26. Qc2 Nf4 27. b4 cxb4 28. Bxb4 Be5 29. Ng4 Bxg4 30. Bxg4 Kg7 31. e3 Nh5 32. Bxh5 gxh5 33. Rxh5 Qf7 34. Rxe5 Rxe5 35. Bxd6 Rh5 36. Bxf8+ Qxf8 37. Ng3 Rg5 38. Qc3+ Kg8 39. e4 Ne8 40. Nf5 Nd6 41. Nxd6 Qxd6 42. c5 Qh2 43. Qh3 Qg1+ 44. Ke2 Qb1 45. Qe6+ Kh7 46. Rg3 Qb5+ 47. Kf3 Qd3+ 48. Kg2 Rxg3+ 49. fxg3 Qe2+ {Uff!} 1/2-1/2